Brzdiť vývoj je neprístupné S Ing. Júliusom Pavlisom hovoríme o prístrojovom vybavení našich výskumných pracovísk

Bibliographic Details
Main Authors: Pavlis, Július (Author), Jaglová, Tatiana, 1945- (Author)
Format: Article
Language:Slovak
Subjects:

MARC

LEADER 00000nab a2200000 a 4500
001 vtls000053440
003 SK-MaSNL
005 20260303213953.0
008 111103c1980 xo 0 slo
015 |a SNBRB19rr/mm-uuuuu 
035 |a CL0063537 
040 |a SNKBUCL  |b slo  |c SNKBUCL  |e AACR2 
041 0 |a slo 
044 |a xo  |c SK 
080 |a 061.6  |2 1981 
100 1 |a Pavlis, Július  |4 aut  |9 668499 
245 1 0 |a Brzdiť vývoj je neprístupné  |b S Ing. Júliusom Pavlisom hovoríme o prístrojovom vybavení našich výskumných pracovísk  |c Július Pavlis, Tatiana Jaglová 
650 0 7 |a ústavy vedeckovýskumné  |2 snkbucl  |9 1001171 
650 0 7 |a Technika prístrojová  |2 snkbucl  |9 929326 
655 7 |a články z novín a časopisov  |2 snkbucl  |9 267496 
700 1 |a Jaglová, Tatiana,  |d 1945-  |4 aut  |9 232441 
773 0 |t Smena  |g Roč. 33, č. 71 (24. 3. 1980), s. 4 
850 |a Slovenská národná knižnica v Martine  |a MTA001 
852 |a SNK  |b KIS3GCP 
958 |a RK 
992 |a RBX 
999 |c 2214813  |d 2216743